| 000 | nam a22 a 4500 | ||
|---|---|---|---|
| 999 |
_c1469 _d1469 |
||
| 005 | 20170509155524.0 | ||
| 008 | 170509b1980 -us||||| |||| 00| 0 eng d | ||
| 020 | _a0226964868 (pbk) | ||
| 040 | _aAKMAL | ||
| 082 | 0 | 4 | _a305.23 YOU |
| 090 |
_a305.23 _bYOU |
||
| 100 | 1 |
_aYouniss, James. _92908 |
|
| 245 | 1 | 0 |
_aParents and peers in social development / _cJames Youniss. |
| 260 | _aChicago ; | ||
| 260 |
_aLondon : _bUniversity of Chicago Press, _c1980 |
||
| 300 |
_a xviii,301p. ; _c23cm |
||
| 490 | 0 | 0 | _aA Phoenix book |
| 500 | _aBibliography: p293-295. _ Includes index. | ||
| 650 | 0 |
_aChild development. _91277 |
|
| 650 | 0 |
_aSocialization. _92909 |
|
| 852 | 4 | 1 |
_aBritish Library _bHMNTS |
| 942 |
_2ddc _cBOOK |
||